| 000 | 01140nam a2200253Ia 4500 | ||
|---|---|---|---|
| 003 | IN-BaIIA | ||
| 008 | 211028s9999 xx 000 0 eng d | ||
| 020 | _a2-86332-061-0 | ||
| 040 | _cIIA Library | ||
| 080 |
_a524.3-852 _bMOD |
||
| 100 |
_aDelache, P. _916873 |
||
| 111 |
_aIAP Astrophysics Meeting on Modeling the Stellar Environment, How and Why ? In Honor of Jean-Claude Pecker _cInstitut D'Astrophysique De Paris, Paris _d1988 June 28-30 _916874 |
||
| 245 | 0 |
_aModeling the stellar environment _bproceedings of the fourth IAP astrophysics meeting on modeling the stellar environment, how and why ? in honor of Jean-Claude Pecker, held in Institut D'Astrophysique De Paris, Paris, June 28-30, 1988 _cP. Delacheā¦[et al.] |
|
| 260 |
_aFrance _bEditions Frontiers _c1989 |
||
| 300 | _axxviii, 326p. | ||
| 490 | _aIAP astrophysics meeting; 4 | ||
| 650 | _aAstronomy and astrophysics thesaurus | ||
| 650 |
_aStellar atmosphere _91661 |
||
| 650 |
_aStellar models _916603 |
||
| 700 |
_aLaloe, S _916875 |
||
| 700 |
_aMagnan, C _916876 |
||
| 700 |
_aThanh Van, J _916877 |
||
| 942 | _cBK | ||
| 999 |
_c9945 _d9945 |
||